000 01342cam a2200313 a 4500
005 20151006145352.0
008 010610s2004 mx ab r 00110 spa d
020 _a9703210414
040 _aCO-BoIAVH
_cCO-BoIAVH
041 0 _aspa
044 _amx
082 0 4 _a595.0972
_bB46b3
245 0 0 _aBiodiversidad, taxonomía y biogeografía de artrópodos de México :
_bhacia una síntesis de su conocimiento ; volumen IV. /
_cEditores Jorge E. Llorente-Bousquets, Juan J. Morrone, Olivia Yañéz Ordóñez y Isabel Vargas Fernandez.
250 _a1a. edición
260 _aMéxico :
_bUniversidad Nacional Autónoma de México,
_c2004.
300 _avii, 790 páginas :
_bilustraciones y mapas ;
_c28 cm.
504 _aIncluye bibliografías e índice.
650 1 6 _aArtrópodos
_x Clasificación
_z México.
650 1 6 _aArtrópodos
_z México
_x Estudios comparados.
650 1 6 _aArtrópodos
_x Anatomía.
650 1 6 _aArtrópodos
_x Hábitos y conducta.
650 1 6 _aArtrópodos
_x Clasificación.
650 _aTaxonomía de artrópodos.
700 1 _aLlorente-Bousquets, Jorge E.,
_eeditor
700 1 _aMorrone, Juan J.
_eeditor
700 1 _aYañez Ordóñez, Olivia
_eeditora
700 1 _aVargas Fernández, Isabel
_eeditora
942 _2ddc
_cLIBRO
999 _c17838
_d17838